World Capitals Closest to London - 30 Second Sprint - Statistics

General Stats
  • This quiz has been taken 56 times
  • The average score is 8 of 20
Answer Stats
km capital miles % Correct
464 Dublin 288
96%
343 Paris 213
94%
358 Amsterdam 223
84%
321 Brussels 199
84%
933 Berlin 579
76%
1265 Madrid 786
62%
747 Bern 464
54%
490 Luxembourg 304
54%
1155 Oslo 718
54%
957 Copenhagen 595
48%
1236 Vienna 768
34%
850 Vaduz 528
26%
1032 Monaco 641
22%
1008 Andorra la Vella 627
16%
1035 Prague 643
12%
1260 San Marino 783
8%
1229 Ljubljana 764
6%
1237 Tórshavn 769
6%
1339 Zagreb 832
6%
1289 Bratislava 801
2%
No matching quizzes found
Score Distribution
Percent of People with Each Score
Percentile by Number Answered
Your Score History
You have not taken this quiz